000 00971nam a22003017a 4500
001 5080
003 FISKH
005 20241105101543.0
008 241105b cb ||||| |||| 00| 0 eng d
020 _a9780590460095
040 _aFISKH
_beng
_cFISKH
_dFISKH
050 _aPZ7.H67562
082 _a823.914
100 _aHoffman, Mary
_d(1945-)
245 _aAmazing grace /
_cby Mary Hoffman pictures by Caroline Binch
250 _aFirst printing in 1993
260 _aNew York :
_bScholastic,
_c1991.
300 _a24 pages :
_bColor illustration ;
_c27 cm
505 _aR
520 _aAlthough a classmate says that she cannot play Peter Pan in the school play because she is black, Grace discovers that she can do anything she sets her mind to do.
521 8 _a680L
_bLexile
521 8 _aR
_bRaz-Plus
650 _2Drama
_aClassroom life
650 _2Family
700 _aBinch, Caroline
_dIllustrator
942 _2ddc
_cBK
_n0
999 _c5080
_d5080